000 00650cab a2200217 4500
001 WB3435-19
008 090401t1998 xxu||||| |||| 00| 0 eng d
035 _a(Sirsi) u88548
041 _aeng
245 _aCycle`s peak has passed
260 _c1998
350 _a0
490 _aProperty Week
_v63(21) 18 September 1998, 13(1)
520 _aRichard Ellis claims that the top of the current property cycle was reached in July according to its "Monthly Index".
650 _aPROPERTY CYCLE
650 _aRETURNS
650 _aCBRE
690 _aPROPERTY-COMMERCIAL PROPERTY-COMMERCIAL PROPERTY MARKET
942 _n0
948 _c18/09/1998
999 _c55958
_d55958